[Event "Pan American-ch Hybrid U14 31st"]
[Site "Tornelo INT"]
[Date "2021.09.04"]
[Round "5"]
[White "Colodro Pacajes, Santos Mateo"]
[Black "Martin, Joshua"]
[Result "1-0"]
[WhiteElo "1182"]
[BlackElo "1249"]
[PlyCount "123"]
[EventDate "2021.09.04"]
[EventType "swiss"]
[EventRounds "9"]
[EventCountry "NET"]
[SourceTitle "EXT 2023"]
[Source "ChessBase"]
[SourceDate "2022.10.05"]
[SourceVersion "1"]
[SourceVersionDate "2022.10.05"]
[SourceQuality "1"]

1. d4 d6 2. Bf4 Nf6 3. e3 c6 4. Nf3 Bg4 5. Nbd2 Qa5 6. c3 c5 7. h3 Bxf3 8. Nxf3 cxd4 9. exd4 Nbd7 10. Qb3 Rb8 11. Bc4 e6 12. 0-0 b5 13. Bd3 Be7 14. Rfe1 0-0 15. Qc2 b4 16. c4 Rbc8 17. b3 d5 18. c5 Nxc5 19. dxc5 Bxc5 20. Qe2 Qb6 21. Be5 Ne4 22. Bxe4 dxe4 23. Nd2 f6 24. Bg3 f5 25. Nc4 Qb5 26. Bd6 Bxd6 27. Nxd6 Qxe2 28. Rxe2 Rfd8 29. Nxc8 Rxc8 30. Rae1 a5 31. Re3 g6 32. f3 Rc2 33. R3e2 Rc3 34. fxe4 fxe4 35. Rxe4 Kf7 36. Rxe6 Rc2 37. R6e2 Rc3 38. Re5 a4 39. bxa4 Ra3 40. a5 Rxa2 41. Rb1 Kf6 42. Rb5 Re2 43. R5xb4 h5 44. a6 Re8 45. Rb8 Re7 46. R1b7 Re1+ 47. Kf2 Ra1 48. a7 Ra2+ 49. Kg1 Ra1+ 50. Kh2 Kg5 51. a8Q Rxa8 52. Rxa8 h4 53. Rg8 Kf6 54. Rbg7 g5 55. Rxg5 Kf7 56. Ra8 Kf6 57. Rb5 Ke6 58. Ra6+ Kd7 59. Rb7+ Kc8 60. Rh7 Kb8 61. Rg6 Kc8 62. Rg8# 1-0

[Event "Pan American-ch Hybrid U14 31st"]
[Site "Tornelo INT"]
[Date "2021.09.04"]
[Round "2"]
[White "Martin, Joshua"]
[Black "Gillette, James"]
[Result "0-1"]
[WhiteElo "1249"]
[BlackElo "1039"]
[PlyCount "106"]
[EventDate "2021.09.04"]
[EventType "swiss"]
[EventRounds "9"]
[EventCountry "NET"]
[SourceTitle "EXT 2023"]
[Source "ChessBase"]
[SourceDate "2022.10.05"]
[SourceVersion "1"]
[SourceVersionDate "2022.10.05"]
[SourceQuality "1"]

1. d4 d5 2. Nf3 Nc6 3. b3 Bf5 4. a3 e6 5. e3 Bd6 6. Bb2 Nf6 7. Bd3 Bxd3 8. Qxd3 Qe7 9. Nbd2 0-0-0 10. b4 a6 11. b5 axb5 12. Qxb5 Ne4 13. Qe2 g5 14. 0-0-0 Bxa3 15. Nxe4 Bxb2+ 16. Kxb2 Qb4+ 17. Kc1 dxe4 18. Ne5 Na5 19. f3 f6 20. Nf7 Nc4 21. c3 Qa3+ 22. Kb1 Qb3+ 23. Kc1 Qxc3+ 24. Qc2 Qa1+ 25. Qb1 Qa3+ 26. Kc2 Nxe3+ 27. Kd2 Rxd4+ 28. Ke2 exf3+ 29. gxf3 Qa6+ 30. Rd3 Rxd3 31. Qxd3 Qxd3+ 32. Kxd3 Rf8 33. Kxe3 Rxf7 34. f4 gxf4+ 35. Kxf4 e5+ 36. Kf5 b5 37. Ke6 Rf8 38. h4 f5 39. Kxe5 Kb7 40. h5 Kb6 41. h6 f4 42. Rg1 b4 43. Rg7 f3 44. Re7 f2 45. Re6+ c6 46. Re7 f1Q 47. Rxh7 Qf5+ 48. Kd6 Qxh7 49. Ke6 Qxh6+ 50. Ke7 Qf6+ 51. Kd7 Rf7+ 52. Kc8 Qe6+ 53. Kb8 Qe8# 0-1